000 01466nam a2200253Ia 4500
003 CO-CtgCURN
005 20250410160207.0
008 190722s9999 xx 000 0 und d
020 _a9506793301
040 _aCO-CtgCURN
_bspa
_ccoctgcurn
082 _a340.115
_bF951
100 _aFucito, Felipe
_eautor
_98119
245 0 _aSociología del derecho :
_bel orden jurídico y sus condicionantes sociales/
_cFelipe Fucito
250 _a2 edición
260 _aBuenos Aires, Argentina :
_bEditorial Universidad,
_c1993
300 _a508 páginas ;
_c25 centímetros.
505 _aCap.1. Nuevos aportes a la concepción sociológica del derecho -- Cap.2. Antecedentes históricos de la sociología del derecho -- Cap.3. Interaccionismo jurídico y realismo jurídico en la versión norteamericana -- Cap.4. El funcionalismo y la teoría de los sistemas en la sociología jurídica -- Cap.5. Antecedentes históricos y estado de la sociología del derecho en la argentina -- Cap.6. La sociología jurídica critica: planteos, problemas y propuestas -- Cap.7. Teorías sociológicas en materia de criminalidad y desviación -- Cap.8. Las organizaciones: aspectos socio jurídicos.
521 _aAREA PROFESIONAL
590 _aPrograma de Derecho_18
650 _aDerecho y sociedad
_zArgentina
_98120
650 _aSociología
_98121
942 _cBK
_h340.115
_iF951
_03
_2ddc
_n0
999 _c28188
_d28188